Statistics for Weird Flags

Click here to take the quiz!

General Stats

  • This quiz has been taken 74 times
    (61 since last reset)
  • The average score is 5 of 17

Answer Stats

Answer% Correct
Wales
98%
Corsica
58%
Maryland
58%
Sicily
54%
Sardinia
48%
Virginia
48%
Wallonia
31%
British Columbia
25%
Lombardy
23%
Newfoundland
19%
Gozo
6%
Perm
6%
Antwerp
4%
Ufa
4%
Atruski
2%
Mari El
2%
Yaroslavl
2%

Score Distribution

Percentile by Number Answered

Percent of People with Each Score

Your Score History

You have not taken this quiz since the last reset